ARRUPE JESUIT UNIVERSITY

CORONAVIRUS -STOP THE SPREAD - CLEAN,DISINFECT,COVER

Poetry: past and present (Record no. 127040)

MARC details
000 -LEADER
fixed length control field 00740nam a2200241 4500
001 - CONTROL NUMBER
control field 1724183
003 - CONTROL NUMBER IDENTIFIER
control field ARRUPE
005 - DATE AND TIME OF LATEST TRANSACTION
control field 20171005114123.0
008 - FIXED-LENGTH DATA ELEMENTS--GENERAL INFORMATION
fixed length control field 740529s1974 nyu 001 0 eng
010 ## - LIBRARY OF CONGRESS CONTROL NUMBER
LC control number 73018759
020 ## - INTERNATIONAL STANDARD BOOK NUMBER
International Standard Book Number 0155706829
040 ## - CATALOGING SOURCE
Original cataloging agency DLC
Transcribing agency DLC
Modifying agency DLC
050 00 - LIBRARY OF CONGRESS CALL NUMBER
Classification number PR1175
Item number .B723
082 00 - DEWEY DECIMAL CLASSIFICATION NUMBER
Classification number 821/.008
300 ## - PHYSICAL DESCRIPTION
Dimensions 24 cm.
100 1# - MAIN ENTRY--PERSONAL NAME
Personal name Brady, Frank.
9 (RLIN) 36719
245 10 - TITLE STATEMENT
Title Poetry: past and present
Statement of responsibility, etc Frank Brady and Martin Price.
260 ## - PUBLICATION, DISTRIBUTION, ETC. (IMPRINT)
Place of publication, distribution, etc New York,
Name of publisher, distributor, etc Harcourt Brace Jovanovich
Date of publication, distribution, etc [1974]
300 ## - PHYSICAL DESCRIPTION
Extent xxvi, 527 p.
650 #0 - SUBJECT ADDED ENTRY--TOPICAL TERM
Topical term or geographic name as entry element English poetry.
9 (RLIN) 36720
650 #0 - SUBJECT ADDED ENTRY--TOPICAL TERM
Topical term or geographic name as entry element American poetry.
9 (RLIN) 36721
700 1# - ADDED ENTRY--PERSONAL NAME
Personal name Price, Martin,
Dates associated with a name 1920-
Relator term joint author.
9 (RLIN) 36722
906 ## - LOCAL DATA ELEMENT F, LDF (RLIN)
a 7
b cbc
c orignew
d 2
e ocip
f 19
g y-gencatlg
942 ## - ADDED ENTRY ELEMENTS (KOHA)
Source of classification or shelving scheme Library of Congress Classification
Koha item type Monograph ( Printed materials)
Holdings
Withdrawn status Lost status Source of classification or shelving scheme Damaged status Not for loan Collection code Home library Current library Shelving location Date acquired Total Checkouts Full call number Barcode Date last seen Price effective from Koha item type
    Library of Congress Classification     Main Collection ARRUPE LIBRARY ARRUPE LIBRARY Main Collection 05/10/2017   PR1175 .B723 46500027848 05/10/2017 05/10/2017 Monograph ( Printed materials)

 

Arrupe Library. PO Box MP320 Mt Pleasant, Harare, Zimbabwe
263 242 745411|librarian@aju.ac.zw